|
|
|
|
| LEADER |
00000nam1a2200000 4500 |
| 001 |
61889 |
| 005 |
20231031062852.0 |
| 010 |
|
|
|a 5201024939
|
| 035 |
|
|
|a (RuTPU)RU\TPU\book\65518
|
| 035 |
|
|
|a RU\TPU\book\13796
|
| 090 |
|
|
|a 61889
|
| 100 |
|
|
|a 20040325d1997 km y0rusy50 ca
|
| 101 |
0 |
|
|a rus
|
| 102 |
|
|
|a RU
|
| 200 |
1 |
|
|a Драматическая социология
|e Эксперимент социолога-рабочего
|f А. Н. Алексеев
|
| 210 |
|
|
|a Москва
|d 1997-
|
| 700 |
|
1 |
|a Алексеев
|b А. Н.
|g Андрей Николаевич
|
| 801 |
|
0 |
|a RU
|b 63413507
|c 20011209
|g PSBO
|
| 801 |
|
1 |
|a RU
|b 63413507
|c 20040325
|g PSBO
|
| 801 |
|
2 |
|a RU
|b 63413507
|c 20040325
|g PSBO
|
| 942 |
|
|
|c BK
|